Home Print Resources E-Books E-Journals IIMT Lecture Series Library Membership Form Book Recommendation Form Campus Tour Take AdmissionAbout Us Contact Us

Electronic devices and circuits an introduction (Record no. 17490)

000 -LEADER
fixed length control field 00416nam a2200169Ia 4500
003 - CONTROL NUMBER IDENTIFIER
control field OSt
005 - DATE AND TIME OF LATEST TRANSACTION
control field 20240202121543.0
008 - FIXED-LENGTH DATA ELEMENTS--GENERAL INFORMATION
fixed length control field 170619s9999 xx 000 0 und d
020 ## - INTERNATIONAL STANDARD BOOK NUMBER
International Standard Book Number 9788120301245
040 ## - CATALOGING SOURCE
Transcribing agency IIMT ENGINEERING COLLEGE
100 ## - MAIN ENTRY--PERSONAL NAME
Personal name Mottershead
245 #0 - TITLE STATEMENT
Title Electronic devices and circuits an introduction
260 ## - PUBLICATION, DISTRIBUTION, ETC.
Name of publisher, distributor, etc. New Delhi: PHI
260 ## - PUBLICATION, DISTRIBUTION, ETC.
Date of publication, distribution, etc. 2000
546 ## - LANGUAGE NOTE
Language note ENGLISH
942 ## - ADDED ENTRY ELEMENTS (KOHA)
Source of classification or shelving scheme
Koha item type Book Bank
Holdings
Withdrawn status Lost status Source of classification or shelving scheme Damaged status Not for loan Home library Current library Date acquired Source of acquisition Barcode Date last seen Uniform Resource Identifier Price effective from Koha item type Total Checkouts Date last checked out
          IIMT Engineering College-BTech IIMT Engineering College-BTech 01/24/2005 1 06-B-11325 07/03/2017 EC / EN 07/03/2017 Text-Book- for 7 days    
          IIMT Engineering College-BTech IIMT Engineering College-BTech 01/24/2005 1 06-B-11326 07/03/2017 EC / EN 07/03/2017 Text-Book- for 7 days    
          IIMT Engineering College-BTech IIMT Engineering College-BTech 01/24/2005 1 06-B-11327 07/03/2017 EC / EN 07/03/2017 Text-Book- for 7 days    
          IIMT Engineering College-BTech IIMT Engineering College-BTech 01/24/2005 1 06-B-11328 07/03/2017 EC / EN 07/03/2017 Text-Book- for 7 days    
          IIMT Engineering College-BTech IIMT Engineering College-BTech 01/24/2005 1 06-B-11329 07/03/2017 EC / EN 07/03/2017 Text-Book- for 7 days    
          IIMT Engineering College-BTech IIMT Engineering College-BTech 01/24/2005 1 06-B-11330 07/03/2017 EC / EN 07/03/2017 Text-Book- for 7 days    
          IIMT Engineering College-BTech IIMT Engineering College-BTech 01/24/2005 1 06-B-11331 07/03/2017 EC / EN 07/03/2017 Text-Book- for 7 days    
          IIMT Engineering College-BTech IIMT Engineering College-BTech 01/24/2005 1 06-B-11332 07/03/2017 EC / EN 07/03/2017 Text-Book- for 7 days    
          IIMT Engineering College-BTech IIMT Engineering College-BTech 01/24/2005 1 06-B-11333 01/05/2019 EC / EN 07/03/2017 Book Bank 1 11/19/2018
          IIMT Engineering College-BTech IIMT Engineering College-BTech 01/24/2005 1 06-B-11334 07/03/2017 EC / EN 07/03/2017 Text-Book- for 7 days    
IIMT, Central Library. All Rights Reserved IIMT,UNIVERSITY © 2023
Implemented and Customised by I CLOUDE EMS
You Are OPAC Visitor No
free web counter

Powered by Koha